| 000 | 01456nam a2200433Ia 4500 | ||
|---|---|---|---|
| 999 |
_c484958 _d484958 |
||
| 001 | ocn953616420 | ||
| 003 | US-DLC | ||
| 005 | 20180517124959.0 | ||
| 006 | m o d | ||
| 007 | cr unu|||||||| | ||
| 008 | 160715s2016 enka ob 001 0 eng d | ||
| 020 | _a9780749475635 | ||
| 020 | _z0749475641 | ||
| 020 | _z9780749475642 | ||
| 035 | _a(OCoLC)953616420 | ||
| 037 |
_aCL0500000762 _bSafari Books Online |
||
| 040 |
_aUMI _beng _erda _epn _cUMI |
||
| 050 | 4 |
_aHD57.7 _b.A2746 2016 |
|
| 100 | 1 |
_aAdair, John Eric, _d1934- _eauthor. |
|
| 245 | 1 | 0 |
_aDevelop your leadership skills / _cJohn Adair. |
| 250 | _aThird edition. | ||
| 260 | _c2016. | ||
| 264 | 1 |
_aLondon, United Kingdom ; _aPhiladelphia, PA : _bKogan Page, _c2016. |
|
| 300 |
_a81 pages _billustrations. |
||
| 336 |
_atext _btxt _2rdacontent |
||
| 490 | 1 | _aCreating success | |
| 504 | _aIncludes bibliographical references and index. | ||
| 650 | 0 | _aLeadership. | |
| 655 | 0 |
_aPrint books. _2local _94 |
|
| 942 |
_2lcc _cBOOKS |
||
| 049 | _aAlfaisal Main Library | ||